banner koha

Efeito da calagem e da adubacao fosfatada no desenvolvimento do milho (Zea moys 2.)em latossolo amarelo da Amazonia (Registro n. 144249)

MARC details
000 -LÍDER
campo de controle de tamanho fixo 00896nas a2200277 4500
001 - NÚMERO DE CONTROLE
campo de controle BR9505356
003 - IDENTIFICADOR DO NÚMERO DE CONTROLE
campo de controle BR-BrBNA
005 - DATA E HORÁRIO DA ÚLTIMA TRANSAÇÃO
campo de controle 20231205094428.0
007 - CAMPO FIXO DE DESCRIÇÃO FÍSICA--INFORMAÇÃO GERAL
campo de controle de tamanho fixo ta
008 - CAMPO DE DADOS FIXOS--INFORMAÇÃO GERAL
campo de controle de tamanho fixo 230509b bl.|||p| |||| 00| 00por d
040 ## - FONTE DA CATALOGAÇÃO
Instituição da catalogação original BR-BrBNA
Idioma da catalogação por
Instituição que transcreveu o registro Biblioteca Nacional de Agricultura
041 ## - CÓDIGO DE IDIOMA
Código do idioma do texto/trilha sonora ou título diferente (Pt)
072 ## - CÓDIGO DE CATEGORIA DE ASSUNTO
Código de Categoria de Assunto F04
100 1# - ENTRADA PRINCIPAL--NOME PESSOAL
Nome pessoal Tucci, C.A.F.
100 1# - ENTRADA PRINCIPAL--NOME PESSOAL
Nome pessoal Machado, G.M.E.
100 1# - ENTRADA PRINCIPAL--NOME PESSOAL
Nome pessoal Dias Filho, J.P.
245 1# - TÍTULO
Título Efeito da calagem e da adubacao fosfatada no desenvolvimento do milho (Zea moys 2.)em latossolo amarelo da Amazonia
650 ## - ASSUNTO--TERMO TÓPICO
Cabeçalho tópico ou nome geográfico Milho
650 ## - ASSUNTO--TERMO TÓPICO
Cabeçalho tópico ou nome geográfico Fertilizante Fosfatado
650 ## - ASSUNTO--TERMO TÓPICO
Cabeçalho tópico ou nome geográfico Calagem
650 ## - ASSUNTO--TERMO TÓPICO
Cabeçalho tópico ou nome geográfico Latossolo Amarelo
650 ## - ASSUNTO--TERMO TÓPICO
Cabeçalho tópico ou nome geográfico Amazonia
773 0# - ENTRADA ANALÍTICA
Título Revista da Universidade do Amazonas. Serie: Ciencias Agrarias (Brazil)
ISSN - International Standard Serial Number ISSN 0103-7463
Partes relacionadas (Jul-Dec 1992), v. 1(2) p. 41-48
Número de controle do registro BR9505356
909 ## -
-- 202311
-- Lúcia
-- 55
-- Lúcia Elande
942 ## - ELEMENTOS DE ENTRADA ADICIONADOS (KOHA)
Fonte da classificação ou esquema de arquivamento na estante Classificação AGRIS
Ocultar no OPAC Não
Tipo de material Koha Analítica
Exemplares
Situação do descarte Fonte da classificação ou esquema de arquivamento na estante Situação física Não pode ser emprestado Biblioteca de origem Biblioteca atual Localização na estante Enumeração do periódico / cronologia Total de empréstimos Data de último acesso Número do exemplar Tipo de material Koha Fonte de aquisição
  Classificação AGRIS   Consulta local Biblioteca Nacional de Agricultura - Binagri Biblioteca Nacional de Agricultura - Binagri   (Jul-Dec 1992), v. 1(2) p. 41-48   29/11/2023 01 Periódicos Portaria Interministerial nº 164/94

BINAGRI

Telefone: (61)3218-2567/2388/3357/2097 - binagri@agro.gov.br

Ministério da Agricultura e Pecuária , Esplanada dos Ministérios, Bloco D, Anexo B, Brasília/DF, CEP: 70.043-900